Constructs for understanding Japan / (Record no. 13713)

000 -LEADER
fixed length control field 00557nam a2200169 a 4500
020 ## - INTERNATIONAL STANDARD BOOK NUMBER
ISBN 0710302096
040 ## - CATALOGING SOURCE
Transcribing agency DLC
082 00 - DEWEY DECIMAL CLASSIFICATION NUMBER
Classification number 952 DIS 1989 A102 Or.
245 00 - TITLE STATEMENT
Title Constructs for understanding Japan /
260 ## - PUBLICATION, DISTRIBUTION, ETC. (IMPRINT)
Place of publication London ;
-- New York :
Name of publisher K. Paul International :
Place of publication New York, NY, USA :
Name of publisher Distributed by Routledge, Chapman, and Hall,
Year of publication 1989.
300 ## - PHYSICAL DESCRIPTION
Number of Pages xiv, 396 p. :
Other physical details ill. ;
Dimensions 23 cm.
650 #0 - SUBJECT ADDED ENTRY--TOPICAL TERM
Topical Term National characteristics, Japanese.
650 #0 - SUBJECT ADDED ENTRY--TOPICAL TERM
Topical Term Intercultural communication.
700 1# - ADDED ENTRY--PERSONAL NAME
Personal name Sugimoto, Yoshio.
700 1# - ADDED ENTRY--PERSONAL NAME
Personal name Mouer, Ross E.,
942 ## - ADDED ENTRY ELEMENTS (KOHA)
Koha item type សៀវភៅភាសាអង់គ្លេស
952 ## - LOCATION AND ITEM INFORMATION (KOHA)
Withdrawn status [LOCAL, KOHA] 0
Holdings
Permanent Location Date acquired Koha item type Lost status Shelving location Barcode Current Location Full call number
Library Block A2017-08-30សៀវភៅភាសាអង់គ្លេស A102A17965Library Block A952 DIS 1989 A102 Or.
មជ្ឈមណ្ឌលឯការនៃសាកលវិទ្យាល័យភូមិន្ទកសិកម្មចំការដូង

Powered by Koha